Relationship between self-perception, science textbook learning srategies and reading ability : a case study /
Saved in:
| 主要作者: | |
|---|---|
| 格式: | Thesis 图书 |
| 语言: | English |
| 出版: |
1998.
|
| 主题: | |
| 在线阅读: | http://studentsrepo.um.edu.my/id/eprint/729 |
| 标签: |
添加标签
没有标签, 成为第一个标记此记录!
|
| LEADER | 01089cam a2200253 a 4500 | ||
|---|---|---|---|
| 001 | u443729 | ||
| 003 | SIRSI | ||
| 008 | 850208s1998 my mt 00 1 eng m | ||
| 035 | |a ACH-8195 | ||
| 040 | |a UMM | ||
| 090 | |a LB7 |b UM 1998 Cha | ||
| 100 | 1 | 0 | |a Chan, Lai Yin. |
| 245 | 1 | 0 | |a Relationship between self-perception, science textbook learning srategies and reading ability : |b a case study / |c Chan Lai Yin. |
| 260 | |c 1998. | ||
| 300 | |a xii, 205 leaves : |b ill. ; |c 29 cm. | ||
| 502 | |a Dissertation (M.Ed.) -- Fakulti Pendidikan, Universiti Malaya, 1999. | ||
| 504 | |a Bibliography: leaves 136-143. | ||
| 650 | 0 | |a Learning ability. | |
| 710 | 2 | 0 | |a Universiti Malaya. |b Fakulti Pendidikan. |
| 856 | 4 | 1 | |u http://studentsrepo.um.edu.my/id/eprint/729 |
| 948 | |a 23/08/1999 |b 29/05/2002 | ||
| 596 | |a 1 8 | ||
| 999 | |a LB7 UM 1998 CHA |w LC |c 1 |i A510025377 |d 4/3/2015 |e 4/3/2015 |l STACKS |m P01UTAMA |n 4 |r Y |s Y |t TESIS |u 15/1/2001 | ||
| 999 | |a LB7 UM 1998 CHA |w LC |c 1 |i A517320696 |d 29/11/2021 |e 29/11/2021 |f 14/8/2020 |g 1 |l STACKS |m P08PENDIDI |n 1 |r Y |s Y |t TESIS |u 14/8/2020 |1 AHSS |o .STAFF. Tesis disimpan di bilik tesis ( Blok D) | ||
